01135nam a2200265 a 4500001001000000005001700010041000800027044000800035084002000043100004500063245006000108260004100168300004700209500004500256500019500301500001100496546002400507650005200531650005600583650003400639650004500673700004700718700005400765740005000819BRCA_341720190320204255.0 aeng aenk a706b.W45c19311 aCervantes Saavedra, Miguel ded1547-161610aThe History of Don QuixotecArrangued by A. A. Methley. aLondresbWells Gardner and Co.c1931 a1 v. en 2 partes (xii, 313 p.)bilc21 cm. aEdición : Illustrated by Gordon Browne aEdición abreviada por A. A. Methley e ilustrada por Gordon Browne. Impresa en claros tipos y excelente papel. Tela; lomo y plano ilustrados con asuntos quijotiles en color Lúdovik Osterc aQM1410 aTexto en : inglés14aNovela españolayÉpoca clásica, 1500-170014aLiteratura españolayÉpoca clásica, 1500-170014aNovela españolaySiglo XVII14aDon Quijote (Personaje ficticio)eNovela1 aMethley, Alice Augustad1871-1934eEditora1 aBrowne, Gordon Frederickd1858–1932eIlustrador0 aEl Ingenioso Hidalgo Don Quijote de la Mancha